000
00348nam a2200145Ia 4500
008
090124s9999 xx 000 0 und d
082
_b
300641
245
_a
बुलेट
250
_a
1
260
_b
दिघे प्रभाकर
_c
1980
300
_a
227
630
_a
बुलेट
730
_a
बुलेट
942
_c
BOOK
999
_c
190195
_d
190195